ASOIAF: Roads Quiz Stats

 Plays Quiz not verified by Sporcle

Challenge
Share
Tweet
Embed
Score 0/41 Timer 05:00
0 Plays Today
Hint Answer % Correct
Kings RoadKing's Landing
98.7%
Gold RoadKing's Landing
98.7%
Rose RoadKing's Landing
98.7%
Rosby RoadKing's Landing
98.7%
Kings RoadCastle Black
98.3%
Kings RoadWinterfell
97.4%
River RoadLannisport
95.7%
Gold RoadLannisport
95.7%
Ocean RoadLannisport
95.7%
Kings RoadStorm's End
95.3%
Rose RoadHighgarden
94.4%
Ocean RoadHighgarden
94.4%
High RoadEyrie
92.3%
River RoadRiverrun
87.6%
Rose RoadOldtown
87.1%
Kings RoadMoat Cailin
82.8%
Demon RoadVolantis
76%
Rosby RoadRosby
75.5%
Kings RoadMolestown
74.7%
High RoadBloody Gate
74.7%
Kings RoadInn at the Crossroads
71.2%
Hint Answer % Correct
High RoadInn at the Crossroads
71.2%
River RoadInn at the Crossroads
71.2%
Demon RoadMeereen
63.9%
Rosby RoadDuskendale
57.1%
Boneway/Stone WayYronwood
56.7%
Boneway/Stone WaySummerhall
47.6%
River RoadGolden Tooth
43.8%
Ocean RoadCrakehall
33.9%
Prince's PassTower of Joy
31.8%
Demon RoadMantarys
30.9%
Rose RoadBitterbridge
30.5%
Prince's PassSkyreach
18.5%
Kings RoadBronzegate
18%
Prince's PassNightsong
17.2%
Ocean RoadOld Oak
14.6%
Prince's PassKingsgrave
12.4%
Gold RoadDeep Den
11.2%
Demon RoadBhorash
9.4%
River RoadSarsfield
7.3%
Boneway/Stone WayCastle Wyl
5.6%

You're not logged in!

Compare scores with friends on all Sporcle quizzes.
Join for Free
OR
Log In

You Might Also Like...

Show Comments

Extras

Top Quizzes Today


Score Distribution

Your Account Isn't Verified!

In order to create a playlist on Sporcle, you need to verify the email address you used during registration. Go to your Sporcle Settings to finish the process.

Report this User

Report this user for behavior that violates our Community Guidelines.

Details: